01675cam a22003735a 4500999001700000001000900017005001700026008004100043010001700084015001900101016001800120020002500138020002200163035002400185040006600209042001400275082002000289245012100309250001200430260005900442300003300501490005000534504005100584505018200635520019000817650003001007650003601037651001001073653002701083655001701110700003901127942000801166952012701174 c26971d269431764394220181112142151.0130207s2012 enka frb 001 0 eng d a 2013376525 aGBB2B20262bnb7 a0162056812Uk a9781443841719 (hbk.) a1443841714 (hbk.) a(OCoLC)ocn817261764 aUKMGBbengcUKMGBdOCLCOdYDXCPdYNKdCDXdUATdDLCdEG-ScBUE alccopycat04a306.44bNEW22200aNew persectives on (im)politeness and interpersonal communication /cedited by Lucia Fernández Amaya ... [et al.]. a1st ed. aNewcastle upon Tyne :bCambridge Scholars Pub.,c2012. avi, 278 p. :bill. ;c22 cm.0 aAdvances in pragmatics and discourse analysis aIncludes bibliographical references and index.0 aState of the art of (im)politeness studies -- (Im)politeness in the mass media -- (Im)politeness, speech acts and language teaching -- (Im)politeness in other specific contexts. aNew Perspectives on (Im)Politeness and Interpersonal Communication gathers eleven studies by prominent scholars, which explore issues related to (im)politeness in human communication.  7aPragmatics.2BUEsh937316 7aPoliteness (Linguistics)2BUEsh 2BUEsh bHHUUEENNcNovember2018 vReading book1 aFernández-Amaya, Lucia,eeditor. 2ddc 00102ddc40708BaccahaMAINbMAINc1STd2018-11-12ePurchaseg1450.00l0o306.44 NEWp000043860r2025-07-15 00:00:00yBB